Disventure Camp Characters By Picture - Statistics

General Stats
  • This quiz has been taken 334 times
  • The average score is 16 of 17
Answer Stats
Picture Answer % Correct
Alec
98%
Ellie
98%
Fiore
98%
Gabby
98%
Tom
98%
Ashley
97%
Grett
97%
Jake
97%
Will
97%
Dan
96%
Lill
95%
Miriam
95%
Trevor
95%
Drew
94%
Nick
94%
Derek
93%
Jensen
82%
No matching quizzes found
Score Distribution
Percent of People with Each Score
Percentile by Number Answered
Your Score History
You have not taken this quiz